Chemistry of d and f block elements / (Record no. 103911)

MARC details
000 -LEADER
fixed length control field 00548nam a22001937a 4500
005 - DATE AND TIME OF LATEST TRANSACTION
control field 20161006164310.0
010 ## - LCCN (DPL NO)
LC control number ENG-116183
020 ## - INTERNATIONAL STANDARD BOOK NUMBER
International Standard Book Number 9788186038093
Terms of availability 245.00
020 ## - INTERNATIONAL STANDARD BOOK NUMBER
International Standard Book Number 8186038097
Terms of availability 245.00
035 ## - SYSTEM CONTROL NUMBER
System control number EN-99715
037 ## - SOURCE OF ACQUISITION
Source of stock number/acquisition DBAD/PUB
082 ## - DEWEY DECIMAL CLASSIFICATION NUMBER
Classification number 540
100 ## - MAIN ENTRY--PERSONAL NAME
Personal name Tyagi,S.B.
245 ## - TITLE STATEMENT
Title Chemistry of d and f block elements /
Statement of responsibility, etc byS.B.Tyagi
260 ## - PUBLICATION, DISTRIBUTION, ETC. (IMPRINT)
Place of publication, distribution, etc Delhi
Name of publisher, distributor, etc Shree Kala Prakashan
Date of publication, distribution, etc 2007
270 ## - ADDRESS
Address 42/43,U.B. Jawahar Nagar
City Delhi
Postal code 110007
300 ## - PHYSICAL DESCRIPTION
Extent vii,101p.
Dimensions 21cm(pbk)
942 ## - ADDED ENTRY ELEMENTS (KOHA)
Source of classification or shelving scheme Dewey Decimal Classification
Item type English Books
Classification part 540
Call number suffix TYA
Holdings
Withdrawn status Lost status Not for loan Collection code Home library Current library Date acquired Source of acquisition Cost, normal purchase price Full call number Barcode Copy number Cost, replacement price Koha item type
      Non-fiction Ashok Vihar Ashok Vihar 06/10/2016 DBAD/PUB 245.00 540 TYA EN-99715 1 245.00 English Books

© Delhi Public Library
Hit Counter
free hit counter